[Event "Havana Giraldilla op"]
[Site "Havana"]
[Date "2024.08.15"]
[Round "7"]
[White "Gomez Herrera, Daniel David"]
[Black "Dieguez Vidal, Jan Carlos"]
[Result "1/2-1/2"]
[WhiteElo "1565"]
[BlackElo "1556"]
[PlyCount "48"]
[EventDate "2024.08.12"]
[EventType "swiss"]
[EventRounds "9"]
[EventCountry "CUB"]
[SourceTitle "CBM 221 Extra"]
[Source "ChessBase"]
[SourceDate "2024.09.30"]
[SourceVersion "1"]
[SourceVersionDate "2024.09.30"]
[SourceQuality "1"]

1. c4 e5 2. Nc3 Nf6 3. g3 Bc5 4. Bg2 0-0 5. d3 h6 6. Nf3 Nc6 7. 0-0 d5 8. cxd5 Nxd5 9. Bd2 Nxc3 10. Bxc3 Re8 11. Rc1 Qd6 12. a3 a5 13. Nd2 Bd7 14. Ne4 Qe7 15. Nxc5 Qxc5 16. Bd2 Qd6 17. Be3 Nd4 18. Bxd4 exd4 19. Re1 Bf5 20. Qb3 Rab8 21. Qd5 Qxd5 22. Bxd5 c6 23. Bf3 Re6 24. Kf1 Bh3+ 1/2-1/2

[Event "Havana Giraldilla op"]
[Site "Havana"]
[Date "2024.08.13"]
[Round "4"]
[White "Caballero Fernandez, Dachelis Maria"]
[Black "Dieguez Vidal, Jan Carlos"]
[Result "1-0"]
[WhiteElo "1754"]
[BlackElo "1556"]
[PlyCount "107"]
[EventDate "2024.08.12"]
[EventType "swiss"]
[EventRounds "9"]
[EventCountry "CUB"]
[SourceTitle "CBM 221 Extra"]
[Source "ChessBase"]
[SourceDate "2024.09.30"]
[SourceVersion "1"]
[SourceVersionDate "2024.09.30"]
[SourceQuality "1"]

1. e4 e5 2. Nf3 Nc6 3. Bb5 a6 4. Ba4 d6 5. c3 Nf6 6. Qe2 Bg4 7. h3 Bh5 8. 0-0 Be7 9. Rd1 0-0 10. d3 h6 11. Nbd2 Qd7 12. Nf1 Qe6 13. Ne3 d5 14. Bb3 Qd7 15. Nxd5 b5 16. Nxe7+ Qxe7 17. Be3 Rad8 18. Kh1 Bxf3 19. Qxf3 Rd7 20. a4 Rfd8 21. Qe2 b4 22. a5 Rb8 23. Ba4 Qe6 24. Bc5 bxc3 25. bxc3 Rdd8 26. Bxc6 Qxc6 27. Bb4 Kh7 28. Qf3 Qe6 29. Rab1 Nd7 30. Qe3 c5 31. Bxc5 Rxb1 32. Rxb1 Nxc5 33. Qxc5 Rxd3 34. Rb6 Qa2 35. Qxe5 Rd1+ 36. Kh2 Qxf2 37. Qf5+ Qxf5 38. exf5 Rc1 39. c4 Rxc4 40. Rxa6 Rc5 41. g4 g6 42. fxg6+ fxg6 43. h4 Rc2+ 44. Kg3 Rc3+ 45. Kf4 Rc4+ 46. Ke5 Rxg4 47. Ra7+ Kg8 48. Kf6 Rf4+ 49. Kxg6 Rg4+ 50. Kh5 Ra4 51. a6 Kf8 52. Ra8+ Ke7 53. a7 Kd7 54. Rg8 1-0

[Event "Havana Giraldilla op"]
[Site "Havana"]
[Date "2024.08.12"]
[Round "1"]
[White "Dieguez Vidal, Jan Carlos"]
[Black "Reyes Avila, Susej"]
[Result "0-1"]
[WhiteElo "1556"]
[BlackElo "1827"]
[PlyCount "68"]
[EventDate "2024.08.12"]
[EventType "swiss"]
[EventRounds "9"]
[EventCountry "CUB"]
[SourceTitle "CBM 221 Extra"]
[Source "ChessBase"]
[SourceDate "2024.09.30"]
[SourceVersion "1"]
[SourceVersionDate "2024.09.30"]
[SourceQuality "1"]

1. e4 d6 2. d4 Nf6 3. Nc3 Nbd7 4. Nf3 e5 5. dxe5 dxe5 6. Bc4 Bb4 7. Bd2 0-0 8. Qe2 c6 9. 0-0 b5 10. Bb3 a5 11. a3 Bc5 12. Rad1 Qc7 13. Be3 a4 14. Ba2 Ba6 15. Qd2 b4 16. Ne2 bxa3 17. Rfe1 axb2 18. Ng3 Rab8 19. Nf5 Rfe8 20. Ng5 Rf8 21. Nh3 Kh8 22. Ng5 Bxe3 23. Qxe3 h6 24. Nxf7+ Rxf7 25. Bxf7 Nb6 26. Ba2 Bc4 27. Bxc4 Nxc4 28. Qc3 Qa5 29. Qg3 Qa7 30. Qd3 a3 31. Qxc4 a2 32. Qe6 b1Q 33. Rxb1 Rxb1 34. Rxb1 axb1Q# 0-1